000 00372nam a22001577a 4500
005 20180727155245.0
008 160628b xxu||||| |||| 00| 0 eng d
041 _aeng
082 _b10945
_a658.3
100 _aSapre, Late Prof, R.
_93108
245 _aOrganisational Behaviour
260 _bSymbions
_c2004
300 _a211p,
650 _aManagement
_9241
942 _cBK
999 _c4533
_d4532